[Event "28th European Club Cup"]
[Site "Eilat ISR"]
[Date "2012.10.11"]
[Round "1.1"]
[White "Avrukh, Boris"]
[Black "Sutovsky, Emil"]
[Result "1/2-1/2"]
[WhiteTitle "GM"]
[BlackTitle "GM"]
[WhiteElo "2585"]
[BlackElo "2685"]
[WhiteTeam "Ashdod"]
[BlackTeam "SOCAR Azerbaijan"]
[WhiteFideId "2803895"]
[BlackFideId "2802007"]
[EventDate "2012.10.11"]
[EventType "team-swiss"]

1. d4 Nf6 2. c4 g6 3. g3 Bg7 4. Bg2 d5 5. cxd5 Nxd5 6. Nf3 Nb6 7. Nc3 Nc6 8. e3
O-O 9. O-O Re8 10. Re1 a5 11. Qc2 e5 12. dxe5 Nxe5 13. Nxe5 Bxe5 14. e4 Be6 15.
f4 Bd4+ 16. Be3 Bxe3+ 17. Rxe3 Qd4 18. Qf2 c6 19. Rd1 Qc5 20. Rc1 Rad8 21. b3 a4
22. Ne2 Qe7 23. Qe1 Qa3 24. Nc3 axb3 25. axb3 Bxb3 26. e5 Nc4 27. Re2 Rd3 28.
Ne4 Red8 29. Ra1 Qxa1 30. Qxa1 Rd1+ 31. Qxd1 Bxd1 32. Ra2 Ne3 33. Ra7 Nxg2 34.
Kxg2 Rb8 35. Nc5 Rd8 36. Ne4 Rb8 37. Nc5 Rd8 38. Ne4 Rb8 1/2-1/2

[Event "28th European Club Cup"]
[Site "Eilat ISR"]
[Date "2012.10.11"]
[Round "1.2"]
[White "Grachev, Boris"]
[Black "Nabaty, Tamir"]
[Result "1-0"]
[WhiteTitle "GM"]
[BlackTitle "GM"]
[WhiteElo "2672"]
[BlackElo "2586"]
[WhiteTeam "SHSM-64"]
[BlackTeam "Beer Sheba"]
[WhiteFideId "4129199"]
[BlackFideId "2809052"]
[EventDate "2012.10.11"]
[EventType "team-swiss"]

1. d4 d5 2. c4 c6 3. Nf3 Nf6 4. e3 Bg4 5. Nc3 e6 6. h3 Bh5 7. g4 Bg6 8. Ne5 Nbd7
9. h4 dxc4 10. Nxg6 hxg6 11. g5 Nd5 12. Bxc4 Bb4 13. Qb3 N7b6 14. Bd2 a5 15. a4
Nxc4 16. Qxc4 Qxg5 17. hxg5 Rxh1+ 18. Ke2 Rxa1 19. Nxd5 exd5 20. Qb3 b6 21. Bxb4
axb4 22. Qxb4 R1xa4 23. Qxb6 Rc8 24. b4 Raa8 25. Qc5 Rab8 26. Qd6 Rb7 27. Qh2
Rcc7 28. Kd3 Ke7 29. Kc3 Rc8 30. Qh7 Rd7 31. Qxg7 Rd6 32. Qe5+ Re6 33. Qh2 Ra8
34. Kb2 Rd6 35. Kb3 Ra1 36. Kb2 Ra4 37. Qe5+ Kd7 38. Kb3 Ra1 39. Qh8 Rf1 40.
Qh3+ 1-0

[Event "28th European Club Cup"]
[Site "Eilat ISR"]
[Date "2012.10.11"]
[Round "1.2"]
[White "Postny, Evgeny"]
[Black "Najer, Evgeniy"]
[Result "1/2-1/2"]
[WhiteTitle "GM"]
[BlackTitle "GM"]
[WhiteElo "2647"]
[BlackElo "2664"]
[WhiteTeam "Beer Sheba"]
[BlackTeam "SHSM-64"]
[WhiteFideId "2804344"]
[BlackFideId "4118987"]
[EventDate "2012.10.11"]
[EventType "team-swiss"]

1. d4 d5 2. c4 c6 3. Nf3 Nf6 4. Nc3 dxc4 5. a4 Bf5 6. Ne5 Nbd7 7. Nxc4 Qc7 8. g3
e5 9. dxe5 Nxe5 10. Bf4 Nfd7 11. Bg2 g5 12. Bxe5 Nxe5 13. Qd4 f6 14. O-O-O Rd8
15. Qe3 Be7 16. Rxd8+ Kxd8 17. Rd1+ Kc8 18. Nxe5 Qxe5 19. Qxa7 Ba3 20. Qd4 Qxd4
21. Rxd4 Bc5 22. Rd2 Be6 23. e3 h5 24. Kc2 h4 25. Bf3 hxg3 26. hxg3 Kc7 27. Ne4
Be7 28. g4 f5 29. gxf5 Bxf5 30. Kc1 Rh4 31. Rd4 Rh2 32. Ng3 Bg6 33. Be4 Be8 34.
Rd2 Bb4 35. Re2 c5 36. b3 b5 37. axb5 Bxb5 38. Rc2 Kb6 39. f3 Rxc2+ 40. Kxc2 c4
41. Bd5 cxb3+ 42. Bxb3 Bc5 43. Kd2 Bb4+ 44. Kd1 Bc5 45. Nf5 Kc7 46. Ke1 Bd3 47.
Nd4 Kd6 48. Kf2 Ke5 49. Ne2 Bb5 50. Ng3 Bd3 51. Ba4 Ba7 52. Bc6 Bb6 53. Be4 Bb5
54. Bc2 Bc6 55. Bd3 Bd5 56. Ne2 Bc6 57. Bc4 Bd7 58. Ng3 Bf5 59. Ke2 Bd7 60. Nh1
Bf5 61. Nf2 Bd8 62. Bd3 Bd7 63. Ne4 Bc6 64. Nxg5 1/2-1/2

[Event "28th European Club Cup"]
[Site "Eilat ISR"]
[Date "2012.10.11"]
[Round "1.2"]
[White "Potkin, Vladimir"]
[Black "Greenfeld, Alon"]
[Result "1-0"]
[WhiteTitle "GM"]
[BlackTitle "GM"]
[WhiteElo "2663"]
[BlackElo "2559"]
[WhiteTeam "SHSM-64"]
[BlackTeam "Beer Sheba"]
[WhiteFideId "4131061"]
[BlackFideId "2800039"]
[EventDate "2012.10.11"]
[EventType "team-swiss"]

1. c4 Nf6 2. Nc3 c5 3. Nf3 e6 4. g3 Nc6 5. Bg2 d5 6. cxd5 Nxd5 7. O-O Be7 8. d4
O-O 9. Nxd5 exd5 10. dxc5 Bxc5 11. Bg5 Qb6 12. Rc1 d4 13. Qc2 Bd6 14. Nd2 Be6
15. Ne4 Be7 16. Bxe7 Nxe7 17. Qc5 Nc6 18. Nd6 Bxa2 19. Nxb7 Nb4 20. Rfd1 d3 21.
exd3 Bb3 22. Rd2 Be6 23. Qxb6 axb6 24. d4 Ra7 25. Nd6 Rd7 26. Nb5 Bd5 27. Rc7
Rfd8 28. Rxd7 Rxd7 29. Nc3 Bxg2 30. Kxg2 Nd5 31. Kf3 Kf8 32. Nxd5 Rxd5 33. Ke4
Rb5 34. Kd3 Ke7 35. Kc4 Rf5 36. d5 Kd6 37. Kb5 Kc7 38. Ka6 1-0

[Event "28th European Club Cup"]
[Site "Eilat ISR"]
[Date "2012.10.11"]
[Round "1.4"]
[White "Landa, Konstantin"]
[Black "Movsesian, Sergei"]
[Result "1/2-1/2"]
[WhiteTitle "GM"]
[BlackTitle "GM"]
[WhiteElo "2641"]
[BlackElo "2699"]
[WhiteTeam "Gros Xake Taldea"]
[BlackTeam "Saint-Petersburg Chess Federation"]
[WhiteFideId "4101685"]
[BlackFideId "310204"]
[EventDate "2012.10.11"]
[EventType "team-swiss"]

1. d4 d5 2. c4 c6 3. cxd5 cxd5 4. Bf4 Nc6 5. e3 Nf6 6. Nc3 Bg4 7. Qb3 Na5 8. Qc2
a6 9. Bd3 e6 10. Nge2 Bxe2 11. Qxe2 Bd6 12. Bg5 h6 13. Bh4 Be7 14. Rc1 O-O 15.
O-O Nd7 16. Bg3 Rc8 17. Rc2 Nb6 18. Rfc1 Qd7 19. Nb1 Rxc2 20. Rxc2 Rc8 21. Kf1
Kf8 22. Rxc8+ Qxc8 23. Qc2 Qxc2 24. Bxc2 Nbc4 25. b3 Na3 26. Nxa3 Bxa3 27. Ke2
Nc6 28. h3 Ke7 29. f3 Bd6 30. Be1 Bb4 31. Bg3 Bd6 32. Be1 Bb4 33. Bg3 Bd6 1/2-1/2

[Event "28th European Club Cup"]
[Site "Eilat ISR"]
[Date "2012.10.11"]
[Round "1.4"]
[White "Zvjaginsev, Vadim"]
[Black "Franco Alonso, Alejandro"]
[Result "1-0"]
[WhiteTitle "GM"]
[BlackTitle "IM"]
[WhiteElo "2678"]
[BlackElo "2479"]
[WhiteTeam "Saint-Petersburg Chess Federation"]
[BlackTeam "Gros Xake Taldea"]
[WhiteFideId "4113403"]
[BlackFideId "2214067"]
[EventDate "2012.10.11"]
[EventType "team-swiss"]

1. e4 c5 2. Nf3 e6 3. b3 Nf6 4. e5 Nd5 5. Bb2 Be7 6. c4 Nc7 7. d4 cxd4 8. Nxd4
O-O 9. Bd3 f6 10. exf6 Bxf6 11. Qc2 h6 12. O-O Nc6 13. Nxc6 bxc6 14. Nd2 c5 15.
Ne4 Be7 16. Rad1 Ne8 17. Qe2 Bb7 18. f4 Qb6 19. f5 Rxf5 20. Rxf5 exf5 21. Ng3
Bf6 22. Bxf5 Bxb2 23. Qxb2 Nf6 24. Bxd7 Rd8 25. Be6+ Kh8 26. Rxd8+ Qxd8 27. Qe5
Qe8 28. Nf5 Qf8 29. Nd6 Qe7 30. Nf7+ 1-0

[Event "28th European Club Cup"]
[Site "Eilat ISR"]
[Date "2012.10.11"]
[Round "1.4"]
[White "Khairullin, Ildar"]
[Black "Argandona Riveiro, Inigo"]
[Result "1-0"]
[WhiteTitle "GM"]
[BlackTitle "IM"]
[WhiteElo "2639"]
[BlackElo "2402"]
[WhiteTeam "Saint-Petersburg Chess Federation"]
[BlackTeam "Gros Xake Taldea"]
[WhiteFideId "4151348"]
[BlackFideId "2212072"]
[EventDate "2012.10.11"]
[EventType "team-swiss"]

1. d4 g6 2. e4 Bg7 3. c4 c5 4. d5 d6 5. Nc3 e6 6. Nf3 Bxc3+ 7. bxc3 e5 8. h3 Nd7
9. Bd3 Nb6 10. O-O Bd7 11. Nh2 Ba4 12. Qe2 Qe7 13. f4 exf4 14. Bxf4 f6 15. Rab1
O-O-O 16. Qb2 h5 17. Qa3 g5 18. Be3 Qe8 19. Bxc5 dxc5 20. Qxc5+ Kb8 21. Qa5 Ne7
22. Rxf6 Rf8 23. Rxf8 Qxf8 24. c5 Nexd5 25. cxb6 Nxb6 26. Qe5+ Ka8 27. Be2 Re8
28. Qxg5 Rxe4 29. Bxh5 Rf4 30. Rf1 Rxf1+ 31. Nxf1 Bc6 32. Ne3 a6 33. h4 Qh8 34.
Be2 Qxc3 35. h5 Ka7 36. Bf1 Qc1 37. Qf4 Qc5 38. Qf2 Kb8 39. Nc4 Qxf2+ 40. Kxf2
Nd7 41. g4 Nf6 42. Ne5 Bd5 43. Bg2 Bxa2 44. h6 Bb1 45. g5 Nh7 46. g6 Nf6 1-0

[Event "28th European Club Cup"]
[Site "Eilat ISR"]
[Date "2012.10.11"]
[Round "1.5"]
[White "Jakovenko, Dmitry"]
[Black "Popilski, Gil"]
[Result "1-0"]
[WhiteTitle "GM"]
[BlackTitle "IM"]
[WhiteElo "2732"]
[BlackElo "2475"]
[WhiteTeam "Ugra"]
[BlackTeam "Rishon Le-Zion"]
[WhiteFideId "4122356"]
[BlackFideId "2809060"]
[EventDate "2012.10.11"]
[EventType "team-swiss"]

1. c4 Nf6 2. Nc3 c5 3. Nf3 Nc6 4. g3 d5 5. cxd5 Nxd5 6. Bg2 e6 7. O-O Be7 8. d4
O-O 9. e4 Ndb4 10. d5 exd5 11. exd5 Nd4 12. Nxd4 cxd4 13. Nb5 d3 14. Qf3 Qb6 15.
Nc3 Qg6 16. h3 Nc2 17. Rb1 Bf5 18. g4 Bd7 19. Qe4 Bb4 20. Qxg6 fxg6 21. Rd1 Rae8
22. Bg5 h5 23. Rxd3 hxg4 24. hxg4 Ne1 25. Re3 Rxe3 26. fxe3 Nxg2 27. Kxg2 Bxg4
28. Kg3 Bf3 29. Bf4 g5 30. Kxf3 gxf4 31. e4 Bd6 32. Rg1 Be5 33. Rg5 Re8 34. Ne2
Bxb2 35. d6 Rd8 36. Rd5 Ba3 37. e5 g5 38. Nd4 1-0

[Event "28th European Club Cup"]
[Site "Eilat ISR"]
[Date "2012.10.11"]
[Round "1.5"]
[White "Kosashvili, Yona"]
[Black "Shirov, Alexei"]
[Result "0-1"]
[WhiteTitle "GM"]
[BlackTitle "GM"]
[WhiteElo "2529"]
[BlackElo "2718"]
[WhiteTeam "Rishon Le-Zion"]
[BlackTeam "Ugra"]
[WhiteFideId "2800080"]
[BlackFideId "2209390"]
[EventDate "2012.10.11"]
[EventType "team-swiss"]

1. e4 c5 2. Nf3 d6 3. Bc4 Nf6 4. d3 Nc6 5. c3 g6 6. O-O Bg7 7. Bb3 O-O 8. Re1
Bg4 9. Nbd2 Qc8 10. h3 Bh5 11. Qe2 b5 12. Qe3 Bxf3 13. Nxf3 a5 14. a4 b4 15. Bd2
Rb8 16. Bc4 Nd7 17. Bb5 Na7 18. Bxd7 Qxd7 19. d4 cxd4 20. cxd4 Nc6 21. b3 Qa7
22. e5 dxe5 23. dxe5 Qxe3 24. Rxe3 Rfd8 25. Rc1 Nd4 26. Nxd4 Rxd4 27. Rc2 Rbd8
28. Be1 Bh6 29. Ree2 Rd3 30. Rc5 Rxb3 31. Rxa5 Rb1 32. f3 b3 33. Rb5 Rc8 34. g3
Bc1 35. Kf2 Rc2 36. Kf1 Bd2 37. a5 Bxe1 38. Rxe1 Rxe1+ 39. Kxe1 b2 0-1

[Event "28th European Club Cup"]
[Site "Eilat ISR"]
[Date "2012.10.11"]
[Round "1.5"]
[White "Korobov, Anton"]
[Black "Baron, Tal"]
[Result "1-0"]
[WhiteTitle "GM"]
[BlackTitle "GM"]
[WhiteElo "2705"]
[BlackElo "2454"]
[WhiteTeam "Ugra"]
[BlackTeam "Rishon Le-Zion"]
[WhiteFideId "14105730"]
[BlackFideId "2809958"]
[EventDate "2012.10.11"]
[EventType "team-swiss"]

1. d4 Nf6 2. c4 e6 3. Nc3 Bb4 4. e3 O-O 5. Bd3 d5 6. Nf3 b6 7. O-O Bb7 8. cxd5
exd5 9. a3 Bd6 10. b4 a6 11. Qb3 Qe7 12. Rb1 Nbd7 13. a4 Rfe8 14. b5 axb5 15.
axb5 Qe6 16. Ng5 Qe7 17. f4 h6 18. Nf3 Ne4 19. Nxd5 Bxd5 20. Qxd5 Nc3 21. Qb3
Nxb1 22. Qxb1 Ra4 23. e4 Rea8 24. e5 Ba3 25. Be3 R8a7 26. f5 Bb4 27. Bc4 Ra1 28.
Qc2 Rxf1+ 29. Kxf1 Ra3 30. Bb3 Nf6 31. Bc1 Ng4 32. h3 Ra1 33. Ke2 Nf6 34. Be3
Nh7 35. h4 Nf8 36. g4 Qe8 37. Qc4 Be7 38. Bd2 Rb1 39. g5 hxg5 40. hxg5 g6 41. f6
Ba3 42. Qd3 Ra1 43. Bc3 Rh1 44. d5 Kh7 45. Qc4 Nd7 46. Qc6 Rc1 47. e6 Rxc3 48.
Qxd7 Qg8 49. exf7 1-0

[Event "28th European Club Cup"]
[Site "Eilat ISR"]
[Date "2012.10.11"]
[Round "1.5"]
[White "Klenburg, Mikhail"]
[Black "Kabanov, Nikolai"]
[Result "0-1"]
[WhiteTitle "IM"]
[BlackTitle "GM"]
[WhiteElo "2366"]
[BlackElo "2482"]
[WhiteTeam "Rishon Le-Zion"]
[BlackTeam "Ugra"]
[WhiteFideId "14102072"]
[BlackFideId "4127820"]
[EventDate "2012.10.11"]
[EventType "team-swiss"]

1. g3 Nf6 2. Bg2 d5 3. Nf3 c6 4. O-O Bg4 5. d4 Nbd7 6. Nbd2 e6 7. Re1 Be7 8. e4
O-O 9. c3 h6 10. Qb3 Rb8 11. exd5 cxd5 12. a4 Qc7 13. a5 Rfc8 14. Qa4 b5 15.
axb6 axb6 16. Qb5 Bf5 17. Nf1 Ne4 18. Ne3 Nd6 19. Qe2 Be4 20. Bd2 b5 21. b4 Ra8
22. Rec1 Qb7 23. Be1 Ra7 24. Rxa7 Qxa7 25. Qd1 Qb7 26. Nd2 Bxg2 27. Kxg2 Nc4 28.
Nexc4 dxc4+ 29. Qf3 Qxf3+ 30. Nxf3 Ra8 31. Rc2 Nb6 32. Ne5 Bd6 33. Nc6 Ra1 34.
Bd2 Nd5 35. Kf3 g5 36. h3 Kg7 37. Bc1 Bc7 38. Ne5 Rb1 39. Nc6 Ra1 40. Ne5 h5 41.
Ke2 Ra2 42. Rxa2 Nxc3+ 43. Kd2 Nxa2 44. Ba3 Kf6 45. Nd7+ Kf5 46. Nc5 h4 47. g4+
Kf4 48. Ke2 Nc3+ 49. Kf1 Kf3 50. Bc1 Bf4 51. Bxf4 Kxf4 52. Nd7 Nd5 53. Ne5 Nxb4
54. Nxf7 Nc6 0-1

[Event "28th European Club Cup"]
[Site "Eilat ISR"]
[Date "2012.10.11"]
[Round "1.6"]
[White "Palac, Mladen"]
[Black "Adams, Michael"]
[Result "1/2-1/2"]
[WhiteTitle "GM"]
[BlackTitle "GM"]
[WhiteElo "2600"]
[BlackElo "2720"]
[WhiteTeam "Siroki Brijeg"]
[BlackTeam "OSG Baden-Baden e.V."]
[WhiteFideId "14500116"]
[BlackFideId "400041"]
[EventDate "2012.10.11"]
[EventType "team-swiss"]

1. e4 e5 2. Nf3 Nc6 3. Bb5 a6 4. Ba4 Nf6 5. O-O Be7 6. Re1 b5 7. Bb3 O-O 8. h3
Bb7 9. d3 d5 10. exd5 Nxd5 11. a4 Nd4 12. Nxd4 exd4 13. axb5 axb5 14. Rxa8 Bxa8
15. Na3 Bb4 16. Bd2 Bxd2 17. Qxd2 Qf6 18. Bxd5 Bxd5 19. Nxb5 Bxg2 20. Kxg2 Qc6+
21. Kh2 Qxb5 22. Qf4 Qxb2 23. Qxc7 Qb8 24. Re7 Qa8 25. Kg3 h6 26. Rd7 Rc8 27.
Qf4 Qa2 28. Qxd4 Qxc2 29. Rd8+ Rxd8 30. Qxd8+ Kh7 31. Qd7 Kg6 32. Qg4+ Kf6 33.
Qd4+ Ke7 34. Qe5+ Kd7 35. Qd5+ Ke7 36. Qe5+ Kd7 37. Qd5+ Ke7 38. Qe5+ Kd7 39.
Qd5+ Ke7 40. Qe5+ Kd7 1/2-1/2

[Event "28th European Club Cup"]
[Site "Eilat ISR"]
[Date "2012.10.11"]
[Round "1.6"]
[White "Bacrot, Etienne"]
[Black "Brkic, Ante"]
[Result "1-0"]
[WhiteTitle "GM"]
[BlackTitle "GM"]
[WhiteElo "2705"]
[BlackElo "2575"]
[WhiteTeam "OSG Baden-Baden e.V."]
[BlackTeam "Siroki Brijeg"]
[WhiteFideId "605506"]
[BlackFideId "14506688"]
[EventDate "2012.10.11"]
[EventType "team-swiss"]

1. c4 e5 2. Nc3 Nf6 3. g3 d5 4. cxd5 Nxd5 5. Bg2 Nb6 6. e3 c5 7. Nge2 Nc6 8. O-O
Be7 9. f4 exf4 10. Nxf4 O-O 11. b3 Bf5 12. Ba3 Qd7 13. Ncd5 Nxd5 14. Nxd5 Bd3
15. Rf2 Bd6 16. Rc1 b6 17. Rc3 Bg6 18. Nf4 Bxf4 19. gxf4 Ne7 20. Bxa8 Rxa8 21.
Qf3 Rc8 22. e4 f5 23. Rd3 Qb5 24. exf5 Nxf5 25. Qd5+ Kf8 26. Qd7 Qxd7 27. Rxd7
a5 28. Re2 Be8 29. Rb7 Nd4 30. Ree7 Rd8 31. Rxg7 Ne2+ 32. Kf2 Rxd2 33. Ke1 Rxa2
34. Rxh7 1-0

[Event "28th European Club Cup"]
[Site "Eilat ISR"]
[Date "2012.10.11"]
[Round "1.6"]
[White "Kurajica, Bojan"]
[Black "Naiditsch, Arkadij"]
[Result "1/2-1/2"]
[WhiteTitle "GM"]
[BlackTitle "GM"]
[WhiteElo "2558"]
[BlackElo "2704"]
[WhiteTeam "Siroki Brijeg"]
[BlackTeam "OSG Baden-Baden e.V."]
[WhiteFideId "14400057"]
[BlackFideId "4650891"]
[EventDate "2012.10.11"]
[EventType "team-swiss"]

1. d4 Nf6 2. Nf3 c5 3. c4 cxd4 4. Nxd4 Nc6 5. Nc3 e6 6. e3 Bb4 7. Be2 Ne4 8. Bd2
Nxc3 9. Bxc3 Bxc3+ 10. bxc3 O-O 11. O-O Na5 12. Qa4 b6 13. Nb3 Nc6 14. Bf3 Bb7
15. Rfd1 Qc7 16. c5 Rfd8 17. Rab1 Rab8 18. Qf4 Qxf4 19. exf4 Kf8 20. Rb2 Ke7 21.
cxb6 axb6 22. Rdb1 Na7 23. Bxb7 Rxb7 24. c4 Rc7 25. Nd2 Nc8 26. g3 g6 27. Kg2
Ra7 28. Rc2 Ra4 29. Nf3 Nd6 30. Rxb6 Nxc4 31. Rb7 Rda8 32. Rc7 Nb6 33. Rb7 Nd5
34. Ne5 Nf6 35. Rcc7 Rxa2 36. Nxd7 Nd5 37. Nb6+ Nxc7 38. Rxc7+ Kf6 39. Nxa8 Rxa8
40. g4 h6 41. h4 Ra3 42. f3 Ra1 43. Kg3 Rg1+ 1/2-1/2

[Event "28th European Club Cup"]
[Site "Eilat ISR"]
[Date "2012.10.11"]
[Round "1.6"]
[White "Kasimdzhanov, Rustam"]
[Black "Dizdarevic, Emir"]
[Result "1-0"]
[WhiteTitle "GM"]
[BlackTitle "GM"]
[WhiteElo "2690"]
[BlackElo "2491"]
[WhiteTeam "OSG Baden-Baden e.V."]
[BlackTeam "Siroki Brijeg"]
[WhiteFideId "14200244"]
[BlackFideId "14400049"]
[EventDate "2012.10.11"]
[EventType "team-swiss"]

1. c4 e6 2. g3 d5 3. Bg2 Nf6 4. Nf3 dxc4 5. Qa4+ Nbd7 6. Qxc4 a6 7. d4 b5 8. Qc6
Rb8 9. Bf4 Bb7 10. Qxc7 Bb4+ 11. Nbd2 Qxc7 12. Bxc7 Rc8 13. Bf4 Rc2 14. Rb1 O-O
15. O-O Bxf3 16. Nxf3 Rxe2 17. a3 Be7 18. Rfc1 Nd5 19. Kf1 Rxb2 20. Rxb2 Bxa3
21. Ra2 Bxc1 22. Bxc1 Rc8 23. Bd2 b4 24. Ne1 N7b6 25. Rxa6 b3 26. Bxd5 Nxd5 27.
Ra1 Nb6 28. Ke2 b2 29. Rb1 Na4 30. Nd3 h5 31. Nc5 1-0

[Event "28th European Club Cup"]
[Site "Eilat ISR"]
[Date "2012.10.11"]
[Round "1.6"]
[White "Bogut, Zeljko"]
[Black "Nielsen, Peter Heine"]
[Result "0-1"]
[WhiteTitle "IM"]
[BlackTitle "GM"]
[WhiteElo "2441"]
[BlackElo "2662"]
[WhiteTeam "Siroki Brijeg"]
[BlackTeam "OSG Baden-Baden e.V."]
[WhiteFideId "14505207"]
[BlackFideId "1400355"]
[EventDate "2012.10.11"]
[EventType "team-swiss"]

1. e4 c5 2. Nf3 d6 3. d4 cxd4 4. Qxd4 Nc6 5. Bb5 Bd7 6. Bxc6 Bxc6 7. Nc3 Nf6 8.
Bg5 e6 9. O-O-O Be7 10. Rhe1 O-O 11. Kb1 h6 12. Bc1 b5 13. e5 dxe5 14. Qxe5 Qc8
15. Nd4 b4 16. Nxc6 Qxc6 17. Ne4 Nd5 18. Ng3 Rfc8 19. Qe4 Rab8 20. Ne2 Bf6 21.
Nd4 Qb6 22. Nb3 a5 23. Be3 Qc7 24. Nd4 a4 25. Re2 Qc4 26. Qd3 Nc3+ 27. bxc3
bxc3+ 28. Nb3 axb3 29. cxb3 Rxb3+ 30. Kc1 Qa4 31. Qd6 Rb1+ 0-1

[Event "28th European Club Cup"]
[Site "Eilat ISR"]
[Date "2012.10.11"]
[Round "1.6"]
[White "Nisipeanu, Liviu-Dieter"]
[Black "Dimitrijevic, Aleksandra"]
[Result "1-0"]
[WhiteTitle "GM"]
[BlackTitle "WFM"]
[WhiteElo "2661"]
[BlackElo "2270"]
[WhiteTeam "OSG Baden-Baden e.V."]
[BlackTeam "Siroki Brijeg"]
[WhiteFideId "1202758"]
[BlackFideId "929239"]
[EventDate "2012.10.11"]
[EventType "team-swiss"]

1. Nf3 Nf6 2. c4 d6 3. g3 e5 4. Bg2 g6 5. Nc3 Bg7 6. O-O O-O 7. d3 c6 8. Rb1 a5
9. a3 Re8 10. Bg5 Qc7 11. b4 axb4 12. axb4 Be6 13. Qb3 b5 14. Rfc1 Nbd7 15. Nd2
Ra6 16. Qd1 Qb8 17. cxb5 cxb5 18. Ra1 Rxa1 19. Rxa1 d5 20. Ra5 Rc8 21. Rxb5 Qd6
22. Na4 Ne8 23. Nb3 Qc6 24. Ra5 Rb8 25. Bd2 Bf8 26. Nbc5 Nc7 27. h3 Nxc5 28.
Nxc5 Bc8 29. Qa1 Qd6 30. d4 Bg7 31. dxe5 Bxe5 32. Bc3 Bxc3 33. Qxc3 Bf5 34. g4
Be6 35. Nxe6 Nxe6 36. Bxd5 Nf4 37. Bxf7+ Kxf7 38. Ra7+ Ke6 39. Qc4+ Ke5 40. Ra5+
Kf6 41. g5+ Kg7 42. Ra7+ 1-0

[Event "28th European Club Cup"]
[Site "Eilat ISR"]
[Date "2012.10.11"]
[Round "1.7"]
[White "Areshchenko, Alexander"]
[Black "Timofeev, Artyom"]
[Result "1/2-1/2"]
[WhiteTitle "GM"]
[BlackTitle "GM"]
[WhiteElo "2710"]
[BlackElo "2631"]
[WhiteTeam "Tomsk-400"]
[BlackTeam "Schachgesellschaft Zürich"]
[WhiteFideId "14109530"]
[BlackFideId "4140419"]
[EventDate "2012.10.11"]
[EventType "team-swiss"]

1. e4 c5 2. Nf3 Nc6 3. Bb5 d6 4. O-O Bd7 5. Re1 Nf6 6. c3 a6 7. Bf1 Bg4 8. h3
Bxf3 9. Qxf3 g6 10. d3 Bg7 11. Qd1 Nd7 12. Be3 e5 13. Nd2 O-O 14. Nf3 Rc8 15. a4
Qc7 16. Qb3 Rb8 17. Qa3 b5 18. b4 Rfd8 19. bxc5 Nxc5 20. Bxc5 dxc5 21. axb5 axb5
22. Qxc5 Bf8 23. Qe3 b4 24. cxb4 Nd4 25. Rec1 Qd6 26. Nxd4 Qxd4 27. Qxd4 Rxd4
28. Ra5 Bd6 29. Rc6 Rbxb4 30. g3 Rb7 31. Kg2 Kf8 32. Ra8+ Ke7 33. Be2 h5 34. Ra2
Rdb4 35. Rcc2 Bc7 36. h4 Bb6 37. Rab2 Bd4 38. Rxb4 Rxb4 39. Rc7+ Kf6 40. Bd1 Rb2
41. Bc2 Ke6 42. f4 Kd6 43. Rc4 Ra2 44. fxe5+ Kxe5 45. Rc6 Ra3 46. Rc7 Rc3 47.
Rxc3 Bxc3 48. Bb3 f5 49. exf5 1/2-1/2

[Event "28th European Club Cup"]
[Site "Eilat ISR"]
[Date "2012.10.11"]
[Round "1.7"]
[White "Pelletier, Yannick"]
[Black "Bologan, Viktor"]
[Result "0-1"]
[WhiteTitle "GM"]
[BlackTitle "GM"]
[WhiteElo "2601"]
[BlackElo "2695"]
[WhiteTeam "Schachgesellschaft Zürich"]
[BlackTeam "Tomsk-400"]
[WhiteFideId "1301837"]
[BlackFideId "13900048"]
[EventDate "2012.10.11"]
[EventType "team-swiss"]

1. d4 Nf6 2. c4 e6 3. Nf3 b6 4. g3 Ba6 5. b3 Bb4+ 6. Bd2 c5 7. Bxb4 cxb4 8. Bg2
Bb7 9. O-O O-O 10. Qd3 a5 11. Nbd2 d6 12. Ne1 d5 13. Nc2 Na6 14. Rfd1 Rc8 15.
Rac1 dxc4 16. Nxc4 Bxg2 17. Kxg2 b5 18. Ne5 Qb6 19. Ne3 Qb7+ 20. f3 Nc7 21. Rc5
Ncd5 22. Nxd5 Nxd5 23. Rxb5 Qe7 24. Rc5 Rxc5 25. dxc5 Qg5 26. Ng4 Nc3 27. Rd2
Qxc5 28. Qe3 Qxe3 29. Nxe3 Ra8 30. Nc4 Kf8 31. a4 Ke7 32. Kf2 Ra6 33. e4 Nb1 34.
Rd1 Na3 35. Ne3 Rc6 36. Ke2 Rc5 37. h4 Nc2 38. Nxc2 Rxc2+ 39. Rd2 Rc5 40. Rd3
Rc2+ 41. Rd2 Rc5 42. Rd3 g5 43. hxg5 Rxg5 44. f4 Rc5 45. e5 h5 46. Ke3 Kf8 47.
Ke4 Kg7 48. f5 exf5+ 49. Kxf5 Rc3 50. Rd5 Rxg3 51. Rxa5 h4 52. Rd5 h3 53. Rd4
Rxb3 54. Rh4 Rf3+ 55. Ke4 Rg3 56. Kf4 Ra3 57. Ke4 Rg3 58. Kf4 Rc3 59. Rg4+ Kf8
60. Rg1 b3 61. a5 b2 0-1

[Event "28th European Club Cup"]
[Site "Eilat ISR"]
[Date "2012.10.11"]
[Round "1.7"]
[White "Inarkiev, Ernesto"]
[Black "Brunner, Lucas"]
[Result "1-0"]
[WhiteTitle "GM"]
[BlackTitle "GM"]
[WhiteElo "2683"]
[BlackElo "2448"]
[WhiteTeam "Tomsk-400"]
[BlackTeam "Schachgesellschaft Zürich"]
[WhiteFideId "4162722"]
[BlackFideId "1300024"]
[EventDate "2012.10.11"]
[EventType "team-swiss"]

1. e4 Nf6 2. e5 Nd5 3. d4 d6 4. c4 Nb6 5. exd6 cxd6 6. Nf3 g6 7. h3 Bg7 8. Be2
O-O 9. O-O Bf5 10. Nc3 Nc6 11. Bg5 h6 12. Be3 d5 13. b3 dxc4 14. bxc4 e5 15.
Nxe5 Nxe5 16. dxe5 Qxd1 17. Rfxd1 Bxe5 18. Rac1 Rfd8 19. Bxh6 Rxd1+ 20. Nxd1 Rd8
21. Kf1 Na4 22. c5 Be6 23. a3 Bd4 24. c6 bxc6 25. Rxc6 Nb6 26. Be3 Bxe3 27. Nxe3
Rd4 28. Rc3 f5 29. Rc6 Bf7 30. Bb5 Kg7 31. Rc7 f4 32. Be8 fxe3 33. Rxf7+ Kh6 34.
fxe3 Re4 35. Bc6 Re6 36. Bf3 a5 37. Kf2 Rd6 38. Rc7 Nd7 39. Ra7 1-0